ENERGETICKÁ NÁROČNOSŤ LESNÉHO KOLESOVÉHO ŤAHAČA LKT 50

Bibliographic Details
Main Author: Mrenica, Martin (Author)
Format: Article
Language:Slovak
ISBN:8071378739

MARC

LEADER 00000naa a2200000uu 4500
001 vtls011056811
003 SK-MaSNL
005 20260302113748.0
008 210907|2001 xo |||||||||||||||||slo|
015 |a SNBRA 
035 |a (urnnbn)urn:nbn:sk:snk:ar-a0bzbo 
035 |a (uuid)3fcaa439-8edf-4ed7-8c61-5651b8a545fd 
035 |a urn:nbn:sk:snk-aav5xr 
040 |a SNKBUCL  |b slo  |c SNKBUCL  |e AACR2 
041 0 |a slo 
044 |a xo  |c SK 
100 1 |a Mrenica, Martin  |4 aut  |9 38697 
245 1 0 |a ENERGETICKÁ NÁROČNOSŤ LESNÉHO KOLESOVÉHO ŤAHAČA LKT 50  |c Martin MRENICA 
773 0 |t Kvalita a spoľahlivosť strojov  |d V Nitre : Slovenská poľnohospodárska univerzita, 2001  |g S. 189-191  |z 8071378739 
958 |a OND 
958 |a article12 
958 |a chapter 
999 |c 1256992  |d 1258922